000 00844nam a2200253 i 4500
001 8139
003 ES-MaACL
005 20231218203009.0
007 t|
008 920225s1991 sp |||| |dspa d
020 _a84-7492-542-8
080 _a929 Rodríguez Carballeira, Aurora
080 _a929 Hildegart
100 1 _aCal Martínez, María Rosa.
_9139299
245 1 0 _aA mí no me doblega nadie
_b: Aurora Rodríguez, su vida y su obra (Hildegart) /
_cRosa Cal.
260 _aA Coruña :
_bEdiciós do Castro,
_c[1991]
300 _a214 p., [22] p. de lám. ;
_c21 cm.
490 1 _aDocumentos ;
_v85
600 1 4 _aRodríguez Carballeira, Aurora.
_9139293
600 0 4 _aHildegart,
_d1914-1933
_963684
830 0 _aDocumentos ;
_v85
_9177791
852 _aES-MaACL
_jL-15524
_z. - Dedicatoria de la autora
999 _c8139
_d8139